Statistiques concernant La Soupe aux Choux

Cliquez ici pour prendre le quiz!

Statistiques générales

  • Ce quiz a été pris 67 fois
  • Le résultat moyen est 6 sur 25

Statistiques - réponses

Quel(le) est...Réponse% Correct
Le surnom de Claude Ratinier, interprété par Louis de Funès ?Le Glaude
93%
Le surnom de Francis Chérasse, interprété par Jean Carmet ?Le Bombé
74%
Le prénom de la femme de Claude Ratinier ?Francine
65%
L'instrument dont joue à merveille Francis Chérasse ?L'accordéon
60%
Le nom de la planète dont est originaire "La Denrée" ?Oxo
49%
La quantité d'alcool ingurgitée quotidiennement par Claude Ratinier ?5 à 6 litres
35%
L'objet que Francine reproche à Claude Ratinier d'avoir venduSon vélo
32%
Question bonus : Le canon, c'est pas seulement du pinard, c'est aussi del'Amitié
28%
L'âge du chat de Claude Ratinier ?13 ans
25%
La guerre durant laquelle Claude Ratinier a été fait prisonnier ?La Seconde Guerre mondiale
23%
Le métier qu'exerçait Claude Ratinier ?Sabotier
21%
La maladie dont pense être atteint Claude Ratinier ?Le diabète
19%
Le métier qu'exerçait Claude Chérasse ?Puisatier
18%
La dose quotidienne que lui prescrit son médecin généraliste ?Une chopine
14%
Le département où se situe l'action ?L'Allier
12%
Le titre de la valse sur laquelle Claude Ratinier dansait avec sa compagne ?La valse brune
12%
Le nom du hameau dans lequel ces 2 pauvres chtites créatures habitent ?Les Gourdiflots
12%
L'objet (qui "s'appelle revient") qu'emporte La Denrée sur sa planète en plus de la précieuse soupe ?Un Louis d'or
12%
Le nom de la voisine (la bredine) de Messieurs Ratinier et Chérasse ?Poulangeard
7%
La ville à laquelle est rattachée le hameau de Messieurs Ratinier et Chérasse ?Jaligny
5%
Le compositeur de la musique du film ?Raymond Lefebvre
5%
Le prénom du facteur et ami de Claude Ratinier ?Guillaume
4%
La variété de choux utilisée par Claude Ratinier préparer sa soupe ?Le Bacalan Hâtif
4%
Le prénom du motard qui séduit la femme ressuscitée de Claude Ratinier ?Robert
4%
Le grade auquel accède "La Denrée" grâce à sa fabuleuse découverte ?1ère classe
0%

Distribution des résultats

Percentile par nombre de réponses

% des personnes avec chaque résultat

Votre développement - résultats

Vous n’avez pas pris ce quiz